[Event "DVM U12 2016"]
[Site "Magdeburg GER"]
[Date "2016.12.28"]
[Round "3"]
[White "Kotyk, Michael"]
[Black "Nguyen, Alex Dac-Vuong"]
[Result "1/2-1/2"]
[Termination "normal"]
[Board "1.1"]
[WhiteElo "1889"]
[BlackElo "2098"]
[WhiteClock "01:00:59"]
[BlackClock "00:56:11"]
[WhiteTeam "Hamburger SK"]
[BlackTeam "BSG Grün-Weiß Leipzig"]
[PlyCount "46"]
[WhiteFideId "16214501"]
[BlackFideId "12984388"]
[EventCountry "GER"]
[EventRounds "7"]
[EventType "team-swiss"]
[EventDate "2016.12.26"]

1. e4 e6 2. d4 d5 3. exd5 exd5 4. Bd3 c5 5. dxc5 Bxc5 6. Nf3 h6 7. h3 Nf6 8.
O-O O-O 9. c3 Nc6 10. Nbd2 Be6 11. Nb3 Bb6 12. Re1 Rc8 13. Be3 Bc7 14. Nbd4 a6
15. Qd2 Qd6 16. Nxc6 bxc6 17. Bd4 Nd7 18. b4 c5 19. bxc5 Nxc5 20. Be5 Qd7 21.
Bxc7 Nxd3 22. Qxd3 Qxc7 23. Nd4 Bd7 1/2-1/2

[Event "DVM U12 2016"]
[Site "Magdeburg GER"]
[Date "2016.12.28"]
[Round "3"]
[White "Wagner, Leopold Franziskus"]
[Black "Weihrauch, Jakob"]
[Result "1-0"]
[Termination "normal"]
[Board "1.2"]
[WhiteElo "1769"]
[BlackElo "1848"]
[WhiteClock "00:16:34"]
[BlackClock "00:00:38"]
[WhiteTeam "BSG Grün-Weiß Leipzig"]
[BlackTeam "Hamburger SK"]
[PlyCount "91"]
[WhiteFideId "1641581"]
[BlackFideId "16210115"]
[EventCountry "GER"]
[EventRounds "7"]
[EventType "team-swiss"]
[EventDate "2016.12.26"]

1. d4 Nf6 2. c4 e6 3. Nc3 Bb4 4. Qc2 O-O 5. e4 c5 6. d5 exd5 7. exd5 Re8+ 8.
Be2 Ne4 9. Be3 Qa5 10. Bd2 Nxd2 11. Qxd2 d6 12. Nf3 Nd7 13. O-O Nf6 14. Qc2
Bxc3 15. bxc3 Bg4 16. h3 Bh5 17. g4 Bg6 18. Bd3 b5 19. Bxg6 hxg6 20. cxb5 Nxd5
21. c4 Nf4 22. Rfe1 Qa3 23. Qb3 Qxb3 24. axb3 Nxh3+ 25. Kf1 Rxe1+ 26. Nxe1 Nf4
27. Ra6 Rb8 28. Rxd6 Ne6 29. Rd7 Nd4 30. Rxa7 Nxb3 31. Nf3 f5 32. Ra3 fxg4 33.
Rxb3 gxf3 34. Rxf3 Rd8 35. Rf4 Rd7 36. Ke2 Rd8 37. Re4 Kf7 38. Re5 Rc8 39. Rd5
Ke6 40. Ke3 Ke7 41. Kf4 Ke6 42. Kg5 Rf8 43. f4 Rf6 44. Rxc5 Kd7 45. Re5 Rd6 46.
Rd5 1-0

[Event "DVM U12 2016"]
[Site "Magdeburg GER"]
[Date "2016.12.28"]
[Round "3"]
[White "Klaas, Heiko"]
[Black "Haufe, Laurin"]
[Result "0-1"]
[Termination "normal"]
[Board "1.3"]
[WhiteElo "1573"]
[BlackElo "1661"]
[WhiteClock "00:11:07"]
[BlackClock "00:21:44"]
[WhiteTeam "Hamburger SK"]
[BlackTeam "BSG Grün-Weiß Leipzig"]
[PlyCount "114"]
[WhiteFideId "16215940"]
[BlackFideId "12976504"]
[EventCountry "GER"]
[EventRounds "7"]
[EventType "team-swiss"]
[EventDate "2016.12.26"]

1. e4 c5 2. Nf3 d6 3. Bb5+ Bd7 4. Bxd7+ Nxd7 5. O-O Ngf6 6. Qe2 e6 7. c3 Be7 8.
d4 O-O 9. Rd1 Qc7 10. Bg5 Rfe8 11. h3 a6 12. a4 Qc6 13. Nbd2 Rad8 14. e5 dxe5
15. dxe5 Nd5 16. Bxe7 Nxe7 17. Nc4 Nc8 18. Ng5 h6 19. Ne4 Ndb6 20. Ncd6 Nxd6
21. Nxd6 Re7 22. Qc2 Red7 23. b3 Nc8 24. Nc4 Rxd1+ 25. Rxd1 Qc7 26. Re1 Rd5 27.
Rd1 Ne7 28. Rxd5 Nxd5 29. Nd6 f6 30. Qg6 Qe7 31. exf6 Nxf6 32. Nc4 Nd5 33. Qg3
Kh7 34. Qd3+ g6 35. Ne5 Qf6 36. Nd7 Qe7 37. Ne5 Qg7 38. Qg3 Qf6 39. c4 Nf4 40.
Qe3 Qg5 41. Qe4 Nxh3+ 42. Kh2 Qf4+ 43. Qxf4 Nxf4 44. Nd7 Nd3 45. Nf8+ Kg7 46.
Nxe6+ Kf6 47. Nd8 b6 48. Nc6 Ke6 49. g3 Kd7 50. Nb8+ Kc7 51. Nxa6+ Kb7 52.
Nxc5+ Nxc5 53. Kh3 Kc7 54. Kg4 Kd7 55. Kf4 Ke6 56. g4 Nxb3 57. g5 h5 0-1

[Event "DVM U12 2016"]
[Site "Magdeburg GER"]
[Date "2016.12.28"]
[Round "3"]
[White "Rose, Noah"]
[Black "Fuhrmann, Philipp"]
[Result "0-1"]
[Termination "normal"]
[Board "1.4"]
[WhiteElo "1547"]
[BlackElo "1466"]
[WhiteTeam "BSG Grün-Weiß Leipzig"]
[BlackTeam "Hamburger SK"]
[PlyCount "134"]
[WhiteFideId "12990191"]
[BlackFideId "16227557"]
[EventCountry "GER"]
[EventRounds "7"]
[EventType "team-swiss"]
[EventDate "2016.12.26"]

1. e4 e5 2. Nf3 Nc6 3. Bc4 Bc5 4. c3 Nf6 5. d4 exd4 6. cxd4 Bb4+ 7. Nc3 Nxe4 8.
O-O Bxc3 9. d5 Bf6 10. Re1 Ne7 11. Rxe4 d6 12. g4 h6 13. g5 hxg5 14. Bxg5 Bxg5
15. Nxg5 f6 16. Bb5+ Kf8 17. Ne6+ Bxe6 18. dxe6 c6 19. Bd3 Qc7 20. Re3 d5 21.
Rg3 Qf4 22. Qe2 Qh4 23. f3 Qd4+ 24. Kh1 Rc8 25. Rd1 Qh4 26. Rg4 Qh6 27. Rdg1 g5
28. Rb4 b6 29. Rb3 Rc7 30. Qf2 Qh4 31. Qxh4 Rxh4 32. Rg4 Rh8 33. f4 Rg8 34. f5
Kg7 35. Bc2 Rd8 36. Kg2 b5 37. h4 a5 38. hxg5 fxg5 39. Rxg5+ Kf6 40. Rbg3 Re8
41. Kf3 Ke5 42. R3g4 Rcc8 43. Rh4 Rh8 44. Rgh5 Rxh5 45. Rxh5 Rf8 46. Kg4 c5 47.
Rg5 c4 48. Rg7 Kf6 49. Rg5 d4 50. Bd1 b4 51. Kf4 Nd5+ 52. Kg4 Ne3+ 53. Kf4 Nxd1
54. Rg6+ Ke7 55. Ke5 c3 56. f6+ Rxf6 57. Rxf6 cxb2 58. Rf7+ Ke8 59. Kf6 b1=Q
60. e7 Qe4 61. Rf8+ Kd7 62. Rd8+ Kc7 63. e8=Q Qh4+ 64. Kf5 Ne3+ 65. Kg6 Qxd8
66. Qe5+ Qd6+ 67. Qxd6+ Kxd6 0-1

[Event "DVM U12 2016"]
[Site "Magdeburg GER"]
[Date "2016.12.28"]
[Round "3"]
[White "Jakob, Georg"]
[Black "Wu, Leon"]
[Result "0-1"]
[Termination "normal"]
[Board "2.1"]
[WhiteElo "1778"]
[BlackElo "1839"]
[WhiteClock "00:35:42"]
[BlackClock "00:24:29"]
[WhiteTeam "SG Königskinder Hohentübingen"]
[BlackTeam "SK Mannheim-Lindenhof"]
[PlyCount "58"]
[WhiteFideId "16224221"]
[BlackFideId "12977438"]
[EventCountry "GER"]
[EventRounds "7"]
[EventType "team-swiss"]
[EventDate "2016.12.26"]

1. e4 c5 2. Nf3 Nc6 3. d4 cxd4 4. Nxd4 g6 5. c4 Bg7 6. Be3 Nf6 7. Nc3 O-O 8.
Be2 d6 9. f3 Bd7 10. O-O Ne5 11. Nd5 Rc8 12. Rc1 a6 13. Qd2 Nc6 14. Nb3 Nxd5
15. exd5 Ne5 16. Rfe1 Qc7 17. Bf2 Qd8 18. Bh4 Re8 19. Nd4 b5 20. cxb5 axb5 21.
Nxb5 Bxb5 22. Bxb5 Qb6+ 23. Kh1 Qxb5 24. Rxc8 Rxc8 25. b3 Rc7 26. f4 Nd3 27.
Rxe7 Rc1+ 28. Be1 Nxe1 29. Rxe1 Qf1+ 0-1

[Event "DVM U12 2016"]
[Site "Magdeburg GER"]
[Date "2016.12.28"]
[Round "3"]
[White "Wu, Luka"]
[Black "Wang, Xinyuan"]
[Result "1-0"]
[Termination "normal"]
[Board "2.2"]
[WhiteElo "1735"]
[BlackElo "1688"]
[WhiteClock "00:25:53"]
[BlackClock "00:48:29"]
[WhiteTeam "SK Mannheim-Lindenhof"]
[BlackTeam "SG Königskinder Hohentübingen"]
[PlyCount "97"]
[WhiteFideId "12977420"]
[BlackFideId "16221494"]
[EventCountry "GER"]
[EventRounds "7"]
[EventType "team-swiss"]
[EventDate "2016.12.26"]

1. e4 c5 2. Nf3 a6 3. d4 cxd4 4. Nxd4 Nf6 5. Nc3 e5 6. Nb3 Bb4 7. Bd3 d6 8. O-O
Bxc3 9. bxc3 Qc7 10. Ba3 O-O 11. Qd2 b6 12. Rad1 Rd8 13. f3 Nbd7 14. Be2 Nc5
15. Nxc5 bxc5 16. Qe3 Bb7 17. c4 a5 18. Rd2 Ba6 19. Rfd1 Rac8 20. Bb2 Qe7 21.
Qa3 Ra8 22. Bc3 Ne8 23. Rb1 Qa7 24. Rdd1 Nc7 25. Qxa5 Ne6 26. Rb6 Nd4 27. Bxd4
exd4 28. Rdb1 Rd7 29. Rxa6 Qxa6 30. Qxa6 Rf8 31. Rb7 Rdd8 32. a4 Ra8 33. Ra7
Rab8 34. Qxd6 Rb1+ 35. Kf2 Rbb8 36. Qxc5 Rbc8 37. Qxd4 Rcd8 38. Rd7 Ra8 39. c5
Rac8 40. Ba6 Ra8 41. c6 Rxa6 42. Rd8 Ra8 43. Rxa8 Rxa8 44. c7 Rf8 45. Qd8 h6
46. c8=Q Kh7 47. Qxf8 f5 48. Qcxf5+ g6 49. Q5f7# 1-0

[Event "DVM U12 2016"]
[Site "Magdeburg GER"]
[Date "2016.12.28"]
[Round "3"]
[White "Aptyka, Tim"]
[Black "Stillbauer, Jan"]
[Result "0-1"]
[Termination "normal"]
[Board "2.3"]
[WhiteElo "1524"]
[BlackElo "1404"]
[WhiteClock "00:05:34"]
[BlackClock "00:43:13"]
[WhiteTeam "SG Königskinder Hohentübingen"]
[BlackTeam "SK Mannheim-Lindenhof"]
[PlyCount "88"]
[WhiteFideId "16255860"]
[BlackFideId "16239393"]
[EventCountry "GER"]
[EventRounds "7"]
[EventType "team-swiss"]
[EventDate "2016.12.26"]

1. e4 e5 2. f4 exf4 3. Nf3 Nc6 4. Bc4 Nf6 5. Nc3 d6 6. O-O Be7 7. Ng5 O-O 8.
Rxf4 h6 9. Bxf7+ Rxf7 10. Nxf7 Kxf7 11. Qh5+ Kg8 12. Qe2 Be6 13. d3 Qd7 14. Be3
Ng4 15. Rff1 Nxe3 16. Qxe3 Bg5 17. Qf2 Bf6 18. Kh1 Ne5 19. Qg3 Ng4 20. h3 Be5
21. Qe1 Nf6 22. Qe3 Nh5 23. Rf3 c5 24. Nd1 Bd4 25. Qe1 Rf8 26. Qf1 Rxf3 27.
Qxf3 Nf6 28. c3 Be5 29. Ne3 d5 30. exd5 Nxd5 31. Nc4 Bf6 32. Re1 b5 33. Nd2 Nb6
34. Qe3 Bxa2 35. Qxc5 Qxd3 36. Re8+ Kh7 37. Ne4 Qf1+ 38. Kh2 Qf4+ 39. g3 Qf3
40. Nxf6+ Qxf6 41. Qxb5 Qf2+ 42. Kh1 Qf3+ 43. Kh2 Bd5 44. Re5 Qf2# 0-1

[Event "DVM U12 2016"]
[Site "Magdeburg GER"]
[Date "2016.12.28"]
[Round "3"]
[White "Gündel, Marius"]
[Black "Dunder, Tim"]
[Result "1-0"]
[Termination "normal"]
[Board "2.4"]
[WhiteElo "1335"]
[BlackElo "1198"]
[WhiteClock "00:19:31"]
[BlackClock "00:22:17"]
[WhiteTeam "SK Mannheim-Lindenhof"]
[BlackTeam "SG Königskinder Hohentübingen"]
[PlyCount "65"]
[EventCountry "GER"]
[EventRounds "7"]
[EventType "team-swiss"]
[EventDate "2016.12.26"]

1. e4 c5 2. Nf3 a6 3. c3 e6 4. d4 Nc6 5. Be3 Qb6 6. Qc2 Nf6 7. Nbd2 Be7 8. Be2
d5 9. b3 O-O 10. O-O Re8 11. Bd3 Bf8 12. Qb2 Bd7 13. Rac1 Rad8 14. c4 Nb4 15.
Bb1 Qc7 16. dxc5 Bc6 17. e5 Ne4 18. a3 Nd3 19. Bxd3 Nxd2 20. Nxd2 dxc4 21. Bxc4
Qe7 22. Nf3 Qc7 23. Rfd1 Bb5 24. Bxb5 axb5 25. Rd2 Rxd2 26. Qxd2 Rd8 27. Qc2 b6
28. h3 f6 29. cxb6 Qb8 30. Qc7 Qxc7 31. Rxc7 fxe5 32. b7 e4 33. Rc8 1-0

[Event "DVM U12 2016"]
[Site "Magdeburg GER"]
[Date "2016.12.28"]
[Round "3"]
[White "Pahl, Erik"]
[Black "Toval, David"]
[Result "0-1"]
[Termination "normal"]
[Board "3.1"]
[WhiteElo "1741"]
[BlackElo "1739"]
[WhiteClock "00:36:17"]
[BlackClock "00:08:14"]
[WhiteTeam "Delmenhorster SK"]
[BlackTeam "SK Münster"]
[PlyCount "68"]
[WhiteFideId "16201272"]
[BlackFideId "12992755"]
[EventCountry "GER"]
[EventRounds "7"]
[EventType "team-swiss"]
[EventDate "2016.12.26"]

1. e4 c5 2. Nf3 d6 3. d4 cxd4 4. Qxd4 Nf6 5. Nc3 a6 6. Bg5 Nc6 7. Qd2 h6 8. Bh4
Nh5 9. Be2 g5 10. Bg3 Nxg3 11. hxg3 Bg7 12. Nh2 Nd4 13. Bh5 Be6 14. f4 Qa5 15.
Nf3 Nxf3+ 16. Bxf3 g4 17. Be2 Bxc3 18. Qxc3 Qxc3+ 19. bxc3 Rc8 20. Kd2 f5 21.
exf5 Bxf5 22. Rh4 Kf7 23. Rb1 b5 24. Rbh1 b4 25. c4 d5 26. Rxh6 Rxh6 27. Rxh6
e6 28. c3 dxc4 29. cxb4 c3+ 30. Kc1 Rd8 31. Bxa6 Rd2 32. Bc4 Rb2 33. Kd1 Rb1+
34. Ke2 c2 0-1

[Event "DVM U12 2016"]
[Site "Magdeburg GER"]
[Date "2016.12.28"]
[Round "3"]
[White "Sinnhöfer, Lilian"]
[Black "Schröder, Lennart"]
[Result "1-0"]
[Termination "normal"]
[Board "3.3"]
[WhiteElo "1319"]
[BlackElo "1503"]
[WhiteClock "00:01:54"]
[BlackClock "00:30:51"]
[WhiteTeam "Delmenhorster SK"]
[BlackTeam "SK Münster"]
[PlyCount "127"]
[WhiteFideId "12977586"]
[BlackFideId "16222490"]
[EventCountry "GER"]
[EventRounds "7"]
[EventType "team-swiss"]
[EventDate "2016.12.26"]

1. e4 c5 2. Nf3 d6 3. d4 cxd4 4. Nxd4 Nf6 5. Nc3 g6 6. Bg5 Bg7 7. Qd2 Nc6 8.
Bb5 Bd7 9. Nxc6 bxc6 10. Bc4 Rb8 11. Bb3 O-O 12. O-O Qa5 13. Rfe1 Rfd8 14. Rad1
Be6 15. Qe3 Ng4 16. Qd2 Rb7 17. h3 Ne5 18. f4 Nc4 19. Bxc4 Bxc4 20. e5 d5 21.
b3 Ba6 22. Na4 Qc7 23. Nc5 Rb6 24. Qa5 Bc8 25. Bh4 h6 26. Bf2 e6 27. Rd4 Bf8
28. Ra4 Bxc5 29. Bxc5 Rb7 30. Qxc7 Rxc7 31. Rxa7 Rxa7 32. Bxa7 Bb7 33. Bc5 Ra8
34. a4 Kg7 35. Rd1 Ba6 36. Rd4 Rb8 37. Kf2 g5 38. fxg5 hxg5 39. Be7 Kh6 40. Rg4
Rg8 41. Rb4 Bc8 42. Bf6 Bd7 43. Rb7 Bc8 44. Rxf7 c5 45. Rc7 c4 46. bxc4 dxc4
47. Rxc4 Kg6 48. a5 Rf8 49. Rc6 Bb7 50. Rxe6 Ra8 51. g4 Rc8 52. Bd8+ Kf7 53.
Re7+ Kg6 54. Rxb7 Rxd8 55. Ke3 Rd5 56. Rb6+ Kf7 57. e6+ Ke7 58. a6 Ra5 59. c4
Ke8 60. Kd4 Ke7 61. c5 Kd8 62. Kd5 Ke7 63. Rb7+ Ke8 64. a7 1-0

[Event "DVM U12 2016"]
[Site "Magdeburg GER"]
[Date "2016.12.28"]
[Round "3"]
[White "Van Lindt, Raffael"]
[Black "Eisenmenger, Till"]
[Result "1-0"]
[Termination "normal"]
[Board "3.4"]
[WhiteElo "1049"]
[BlackElo "1477"]
[WhiteClock "00:37:05"]
[BlackClock "00:51:19"]
[WhiteTeam "SK Münster"]
[BlackTeam "Delmenhorster SK"]
[PlyCount "37"]
[WhiteFideId "12998834"]
[BlackFideId "16231040"]
[EventCountry "GER"]
[EventRounds "7"]
[EventType "team-swiss"]
[EventDate "2016.12.26"]

1. e4 e5 2. Nf3 Nc6 3. Bc4 Nf6 4. d3 h6 5. c3 d6 6. h3 Be7 7. Nbd2 a6 8. a4 Na5
9. Ba2 b6 10. b4 Nb7 11. Nf1 Bd7 12. Ng3 a5 13. bxa5 bxa5 14. Qb3 Be6 15. Qxb7
Rb8 16. Qa6 Ra8 17. Qb5+ Bd7 18. Qb3 Rb8 19. Qxf7# 1-0

[Event "DVM U12 2016"]
[Site "Magdeburg GER"]
[Date "2016.12.28"]
[Round "3"]
[White "Kosev, Momchil"]
[Black "Liebold, Aaron"]
[Result "1-0"]
[Termination "normal"]
[Board "4.1"]
[WhiteElo "1769"]
[BlackElo "1746"]
[WhiteClock "00:10:53"]
[BlackClock "00:05:24"]
[WhiteTeam "Erfurter SK"]
[BlackTeam "ESV Gera"]
[PlyCount "111"]
[WhiteFideId "12975982"]
[BlackFideId "12997846"]
[EventCountry "GER"]
[EventRounds "7"]
[EventType "team-swiss"]
[EventDate "2016.12.26"]

1. d4 Nf6 2. Nf3 e6 3. g3 d5 4. Bg2 Be7 5. O-O O-O 6. c4 c6 7. Qc2 b6 8. Rd1
Bb7 9. b3 Nbd7 10. Nc3 Rc8 11. e4 Nxe4 12. Nxe4 dxe4 13. Qxe4 Nf6 14. Qc2 Qc7
15. Bf4 Bd6 16. Bxd6 Qxd6 17. Rac1 Rfd8 18. Ne5 Qc7 19. Qe2 Qe7 20. Rd2 Kf8 21.
Rcd1 Nd7 22. Nd3 Nf6 23. Nf4 c5 24. dxc5 Rxd2 25. Qxd2 Bxg2 26. Nxg2 Qxc5 27.
Ne3 Ke7 28. Qd4 Qxd4 29. Rxd4 Rd8 30. Rxd8 Kxd8 31. f3 Kc7 32. Kf2 Kd6 33. Nc2
Nd7 34. Ke3 f6 35. Nd4 a6 36. h4 g6 37. Ke4 Nc5+ 38. Ke3 Nd7 39. a3 e5 40. Nc2
b5 41. Kd3 Nb6 42. Kc3 bxc4 43. bxc4 Kc5 44. Ne3 a5 45. g4 h6 46. h5 g5 47. Nf5
Nxc4 48. Nxh6 Nd6 49. Ng8 Kd5 50. Nxf6+ Ke6 51. Ne4 Nf7 52. Kc4 a4 53. Nc5+ Kf6
54. Nxa4 Nh6 55. Nc5 Nf7 56. Kd5 1-0

[Event "DVM U12 2016"]
[Site "Magdeburg GER"]
[Date "2016.12.28"]
[Round "3"]
[White "Schubert, Nikita"]
[Black "Seinsoth, Paul"]
[Result "1-0"]
[Termination "normal"]
[Board "4.2"]
[WhiteElo "1792"]
[BlackElo "1391"]
[WhiteClock "00:15:51"]
[BlackClock "00:34:38"]
[WhiteTeam "ESV Gera"]
[BlackTeam "Erfurter SK"]
[PlyCount "91"]
[WhiteFideId "16212339"]
[BlackFideId "12994634"]
[EventCountry "GER"]
[EventRounds "7"]
[EventType "team-swiss"]
[EventDate "2016.12.26"]

1. d4 Nf6 2. Nf3 e6 3. g3 b6 4. Bg2 Bb7 5. O-O Be7 6. c4 O-O 7. Nc3 Ne4 8. Qc2
f5 9. Nd2 Nd6 10. e4 fxe4 11. Ndxe4 Nxe4 12. Bxe4 Bxe4 13. Qxe4 Na6 14. Re1 Bf6
15. Be3 Re8 16. a3 c6 17. Qd3 Nc7 18. Bf4 d5 19. Bxc7 Qxc7 20. cxd5 exd5 21.
Rac1 Qd6 22. Re3 Re7 23. Rce1 Rae8 24. Rxe7 Rxe7 25. Rxe7 Qxe7 26. Qe3 Bg5 27.
Qe2 Qxe2 28. Nxe2 Bf6 29. Kg2 c5 30. Kf3 Kf7 31. b4 cxb4 32. axb4 Ke6 33. b5 g6
34. Ke3 g5 35. h3 h6 36. f4 Be7 37. Kf3 Kf5 38. g4+ Ke6 39. Ng3 Bf6 40. Nf5 h5
41. fxg5 hxg4+ 42. Kxg4 Bh8 43. g6 Kf6 44. g7 Bxg7 45. Nxg7 Kxg7 46. Kf5 1-0

[Event "DVM U12 2016"]
[Site "Magdeburg GER"]
[Date "2016.12.28"]
[Round "3"]
[White "Wagner, Victoria"]
[Black "Müller, Magnus"]
[Result "1/2-1/2"]
[Termination "normal"]
[Board "4.3"]
[WhiteElo "1474"]
[BlackElo "1599"]
[WhiteClock "00:05:59"]
[BlackClock "00:04:04"]
[WhiteTeam "Erfurter SK"]
[BlackTeam "ESV Gera"]
[PlyCount "54"]
[WhiteFideId "16232348"]
[BlackFideId "16230060"]
[EventCountry "GER"]
[EventRounds "7"]
[EventType "team-swiss"]
[EventDate "2016.12.26"]

1. e4 e5 2. Nf3 Nc6 3. Bc4 Bc5 4. O-O Nf6 5. d3 d6 6. c3 a6 7. a3 h6 8. Nbd2
O-O 9. Re1 Be6 10. Ba2 Ng4 11. Rf1 Qd7 12. Nb3 Ba7 13. d4 exd4 14. cxd4 Bc4 15.
Re1 f5 16. h3 fxe4 17. Rxe4 Nf6 18. Re1 Qf7 19. Qc2 Nxd4 20. Nfxd4 Bxd4 21.
Nxd4 Bxa2 22. Nf5 Rae8 23. Bxh6 Bb3 24. Qd3 Rxe1+ 25. Rxe1 Bc4 26. Ne7+ Kh8 27.
Ng6+ Kg8 1/2-1/2

[Event "DVM U12 2016"]
[Site "Magdeburg GER"]
[Date "2016.12.28"]
[Round "3"]
[White "Helmsdorf, Marius"]
[Black "Wagner, Margarethe"]
[Result "1-0"]
[Termination "normal"]
[Board "4.4"]
[WhiteElo "1301"]
[BlackElo "1295"]
[WhiteClock "00:07:02"]
[BlackClock "00:21:37"]
[WhiteTeam "ESV Gera"]
[BlackTeam "Erfurter SK"]
[PlyCount "137"]
[WhiteFideId "16274873"]
[BlackFideId "16236947"]
[EventCountry "GER"]
[EventRounds "7"]
[EventType "team-swiss"]
[EventDate "2016.12.26"]

1. d4 Nf6 2. c4 e6 3. Nc3 Bb4 4. Qc2 Bxc3+ 5. Qxc3 Ne4 6. Qd3 f5 7. Bf4 b6 8.
f3 Nf6 9. e4 fxe4 10. fxe4 O-O 11. Be2 Bb7 12. Bf3 Na6 13. a3 c5 14. e5 Bxf3
15. Nxf3 Ne8 16. Bg5 Qc7 17. O-O g6 18. Rad1 Nb8 19. d5 Qb7 20. Bh6 Rf5 21. Nh4
Rxf1+ 22. Rxf1 Ng7 23. Qf3 Nf5 24. g4 Na6 25. gxf5 exf5 26. d6 Qxf3 27. Rxf3
Re8 28. Re3 Nb8 29. Kf2 Nc6 30. Nf3 Na5 31. b3 Nc6 32. Ke1 Nd8 33. Ng5 Nb7 34.
Kd2 Na5 35. Kc3 Nc6 36. Nf3 Nd8 37. Re1 Nf7 38. Bd2 h6 39. b4 cxb4+ 40. axb4
Kh7 41. Kd4 Nd8 42. Kd5 Ne6 43. Nd4 Ng7 44. e6 Rd8 45. exd7 Rxd7 46. Re7 Rxe7
47. dxe7 Ne8 48. Ke6 Kg7 49. Kd7 Nf6+ 50. Kd8 Kf7 51. Bxh6 a5 52. bxa5 bxa5 53.
Bc1 a4 54. Nb5 Ke6 55. Nc7+ Kf7 56. e8=Q+ Nxe8 57. Nxe8 Ke6 58. Kc7 g5 59. Ng7+
Ke5 60. Nxf5 Kxf5 61. Kd6 Kg4 62. c5 Kf3 63. c6 Ke2 64. Kc5 Kd1 65. Kb4 Kxc1
66. Kxa4 Kd2 67. c7 Ke3 68. c8=Q Kf3 69. Qf5+ 1-0

[Event "DVM U12 2016"]
[Site "Magdeburg GER"]
[Date "2016.12.28"]
[Round "3"]
[White "Gallasch, Jonas"]
[Black "Hetzner, Hannes"]
[Result "1-0"]
[Termination "normal"]
[Board "5.1"]
[WhiteElo "1709"]
[BlackElo "1558"]
[WhiteTeam "SG Porz"]
[BlackTeam "SC Erlangen"]
[PlyCount "67"]
[WhiteFideId "16222474"]
[BlackFideId "16211936"]
[EventCountry "GER"]
[EventRounds "7"]
[EventType "team-swiss"]
[EventDate "2016.12.26"]

1. d4 e6 2. c4 f5 3. Nf3 Bb4+ 4. Bd2 a5 5. Qc2 Nf6 6. e3 O-O 7. Bd3 b6 8. a3
Bxd2+ 9. Nbxd2 d6 10. e4 fxe4 11. Nxe4 h6 12. Nxf6+ Qxf6 13. Be4 Ra7 14. O-O
Nd7 15. Rfe1 Bb7 16. Bxb7 Rxb7 17. Qe4 Rbb8 18. Qxe6+ Qxe6 19. Rxe6 Rfe8 20.
Rae1 Kf7 21. Rxe8 Rxe8 22. Re3 Nf6 23. Kf1 Re4 24. Ke2 Ke6 25. Nd2 Rxe3+ 26.
fxe3 d5 27. cxd5+ Kxd5 28. Kd3 c5 29. e4+ Kc6 30. d5+ Kc7 31. Kc4 Nd7 32. Kb5
Ne5 33. Nc4 Nd7 34. e5 1-0

[Event "DVM U12 2016"]
[Site "Magdeburg GER"]
[Date "2016.12.28"]
[Round "3"]
[White "Högner, Tom"]
[Black "Parshykov, Edgar"]
[Result "0-1"]
[Termination "normal"]
[Board "5.2"]
[WhiteElo "1550"]
[BlackElo "1578"]
[WhiteTeam "SC Erlangen"]
[BlackTeam "SG Porz"]
[PlyCount "82"]
[WhiteFideId "12995436"]
[BlackFideId "16222458"]
[EventCountry "GER"]
[EventRounds "7"]
[EventType "team-swiss"]
[EventDate "2016.12.26"]

1. e4 c6 2. d4 d5 3. exd5 cxd5 4. Nc3 Nf6 5. Bf4 a6 6. Nf3 Bg4 7. Be2 Nc6 8. h3
Bh5 9. O-O e6 10. Qd2 Bd6 11. Bxd6 Qxd6 12. Rfe1 O-O 13. Rad1 Rac8 14. a3 Qc7
15. Qe3 Na5 16. Rc1 Bxf3 17. Qxf3 Nc4 18. Bxc4 Qxc4 19. Red1 Rc7 20. Ne2 Qb5
21. b4 Rfc8 22. c3 Ne4 23. Rd3 Qa4 24. Ra1 Qb3 25. Rc1 Qxa3 26. Qe3 Qa4 27. f3
Nd6 28. Qg5 Qb5 29. Nf4 h6 30. Qe5 Nc4 31. Qe2 Qd7 32. Qf2 Qe7 33. Re1 Qf6 34.
Nh5 Qg5 35. Ng3 Qf4 36. Ne2 Qf5 37. Rdd1 Nb2 38. Ng3 Nxd1 39. Nxf5 Nxf2 40. Nd6
Rd8 41. Nxf7 Nxh3+ 0-1

[Event "DVM U12 2016"]
[Site "Magdeburg GER"]
[Date "2016.12.28"]
[Round "3"]
[White "Kogan, Gabriel"]
[Black "Zeltner, Richard"]
[Result "1-0"]
[Termination "normal"]
[Board "5.3"]
[WhiteElo "1467"]
[BlackElo "1404"]
[WhiteTeam "SG Porz"]
[BlackTeam "SC Erlangen"]
[PlyCount "115"]
[WhiteFideId "16238265"]
[BlackFideId "12972703"]
[EventCountry "GER"]
[EventRounds "7"]
[EventType "team-swiss"]
[EventDate "2016.12.26"]

1. e4 e5 2. Nf3 Nc6 3. Bc4 Bc5 4. c3 Nf6 5. d3 O-O 6. O-O h6 7. Re1 Ng4 8. Rf1
d6 9. h3 Nf6 10. Be3 Bb6 11. Nbd2 Bd7 12. d4 Qe7 13. Qc2 Rfe8 14. Bd3 d5 15.
dxe5 Nxe5 16. Nxe5 Qxe5 17. Nf3 Qe7 18. e5 Ne4 19. Bxe4 dxe4 20. Qxe4 Bxe3 21.
Qxe3 f6 22. Rfe1 Bc6 23. Rad1 Qf7 24. e6 Qg6 25. Qd3 f5 26. Nh4 Qg5 27. Qg3 Qf6
28. Nf3 Rac8 29. Nd4 Bd5 30. Qe5 Qxe5 31. Rxe5 Rcd8 32. Nxf5 Bxa2 33. Rxd8 Rxd8
34. Nd4 Re8 35. b3 Bb1 36. Nb5 c6 37. Nd6 Re7 38. Nc8 Re8 39. e7 Bg6 40. Nd6
Ra8 41. e8=Q+ Bxe8 42. Rxe8+ Rxe8 43. Nxe8 Kf8 44. Nd6 b5 45. Kf1 Ke7 46. Nc8+
Kd7 47. Nxa7 Kc7 48. Ke2 Kb7 49. Nxc6 Kxc6 50. Ke3 Kd5 51. Kf4 g6 52. h4 Kd6
53. Ke4 Kc5 54. Ke5 Kc6 55. Kf6 Kd5 56. f3 Kd6 57. Kxg6 Ke5 58. g3 1-0

[Event "DVM U12 2016"]
[Site "Magdeburg GER"]
[Date "2016.12.28"]
[Round "3"]
[White "Wu, Wilfried"]
[Black "Sabirov, Rafael"]
[Result "1/2-1/2"]
[Termination "normal"]
[Board "5.4"]
[WhiteElo "1241"]
[BlackElo "1390"]
[WhiteTeam "SC Erlangen"]
[BlackTeam "SG Porz"]
[PlyCount "76"]
[WhiteFideId "16260775"]
[BlackFideId "16241185"]
[EventCountry "GER"]
[EventRounds "7"]
[EventType "team-swiss"]
[EventDate "2016.12.26"]

1. e4 c5 2. Nf3 e6 3. d4 cxd4 4. Nxd4 a6 5. Bd3 Be7 6. c4 Nc6 7. Be3 Qc7 8. O-O
Nf6 9. f3 Qb6 10. Nc2 Qxb2 11. Nd2 Qc3 12. Be2 Qa5 13. Nb3 Qc7 14. Bc5 d6 15.
Be3 O-O 16. Qd2 Rd8 17. Qc1 Bd7 18. Rd1 Ne5 19. Ncd4 Rac8 20. Nd2 d5 21. exd5
exd5 22. cxd5 Qxc1 23. Raxc1 Nxd5 24. Rxc8 Rxc8 25. Bf2 Bc5 26. N2b3 Bxd4 27.
Nxd4 Nc3 28. Rd2 Nxe2+ 29. Nxe2 f6 30. f4 Bb5 31. fxe5 fxe5 32. Bg3 Rc5 33. Kf2
Kf7 34. h4 h5 35. Bh2 g6 36. Kf3 Ke6 37. Bg1 Rc4 38. g3 Rg4 1/2-1/2

[Event "DVM U12 2016"]
[Site "Magdeburg GER"]
[Date "2016.12.28"]
[Round "3"]
[White "Marschall, Tillmann"]
[Black "Zeuner, Ole"]
[Result "1-0"]
[Termination "normal"]
[Board "6.1"]
[WhiteElo "1669"]
[BlackElo "1701"]
[WhiteTeam "SG Trier"]
[BlackTeam "Schachzwerge Magdeburg"]
[PlyCount "37"]
[WhiteFideId "12973220"]
[BlackFideId "12943576"]
[EventCountry "GER"]
[EventRounds "7"]
[EventType "team-swiss"]
[EventDate "2016.12.26"]

1. e4 c5 2. Nc3 Nc6 3. f4 g6 4. Nf3 Bg7 5. Bc4 e6 6. d3 Nge7 7. O-O O-O 8. f5
exf5 9. Qe1 Nd4 10. Qh4 Nec6 11. Bg5 Qc7 12. Nd5 Nxf3+ 13. Rxf3 Qd6 14. Nf6+
Bxf6 15. Bxf6 Nd4 16. Rh3 h5 17. e5 Qc6 18. Qg5 b5 19. Qxg6# 1-0